Представление документа в формате RUSMARC

ПолеНазваниеЗначение
  Тип записи c
  Библиографический уровень m
001 Контрольный номер RU/УОНБ/EK_N/322860119
005 Дата корректировки 20250520125058.7
010 Индекс ISBN __
9 Тираж 3500 экз.
013 Номер (ISMN) __
d Цена 10 к.
071 Издательские номер (звукозапись и ноты) 21
a Номер, присвоенный агентством 29841
100 Данные общей обработки __
a Данные общей обработки 20131221d1962 u y0rusy0103||||ca
101 Язык документа 0_
a Язык текста rus
a Язык текста ger
f Язык титульного листа rus
102 Страна публикации __
a Страна публикации RU
125 Кодированные данные звукозаписи и нотных изданий __
a Форма изложения нотного текста с|
128 Кодированные данные (звукозаписи-физические характеристики) __
a Кодированные данные: Музыкальная форма и тональность или лад li
b Инструменты или голоса, необходимые для ансамблей (устаревшее) ka||
c Инструменты или голоса, рекомендуемые для солистов (устаревшее) vb||
200 Заглавие и сведения об ответственности 1_
a Заглавие Разбитая ваза
b Общее обозначение материала [Ноты]
d Параллельное заглавие Die zerbrochene Vase
e Сведения, относящиеся к заглавию Ту вазу, где цветок ты сберегала нежный...
e Сведения, относящиеся к заглавию Die Vaze, Hiiterin manch zarter Blumenspenden...
e Сведения, относящиеся к заглавию для меццо-сопрано в сопровожд. фп.
f Первые сведения об ответственности А. Аренский
g Последующие сведения об ответственности сл. А. Апухтина
210 Выходные данные 1_
a Место издания Москва
c Издательство Музгиз
d Дата издания 1962
215 Физическое описание __
a Объем 6 с.
d Формат 29 см
225 Серия 1_
a Серия Концертный репертуар вокалиста
512 Заглавие обложки 1_
a Заглавие обложки Разбитая ваза
606 Тематические рубрики 0_
a Основная рубрика Вокальные произведения русских композиторов
x Основная подрубрика Романсы русских композиторов
x Основная подрубрика Меццо-сопрано
610 Ключевые слова 0_
a Ключевые слова меццо-сопрано
610 Ключевые слова 0_
a Ключевые слова романсы русских композиторов
610 Ключевые слова 0_
a Ключевые слова вокальные произведения русских композиторов
686 Индексы других классификаций __
a Классификационный индекс 85.943.2
2 Код системы rubbk
700 Автор _1
a Фамилия Аренский
b Имя (инициалы) А. С.
g Полное личное имя Антон Степанович
702 Вторичная интеллектуальная ответственность _1
a Фамилия Апухтин
b Имя (инициалы) А.
4 Код отношения 520
702 Вторичная интеллектуальная ответственность _1
a Фамилия Esbeer
b Имя (инициалы) L.
4 Код отношения 730
801 Источник записи _0
a Страна RU
b Организация Ульяновская государственная областная научная библиотека им.В.И.Ленина
c Дата составления 20131221
g Правила каталогизации PSBO
801 Источник записи _1
a Страна RU
b Организация Ульяновская государственная областная научная библиотека им.В.И.Ленина
c Дата составления 20131221
901 Тип документа __
t Тип документа m
909 Создатель записи __
a Создатель записи Грязнова И. Е.
938 Служебная информация __
a Имя БД noti
b Имя библиотеки УОНБ
c Имя АИБС МАРК-SQL
d Номер DOC_ID в БД 1841